Carta de suelos de la República Argentina hoja 3363-10, Bell Ville /

Guardado en:
Autor Corporativo: Instituto Nacional de Tecnología Agropecuaria (Argentina). Centro de Investigación de Recursos Naturales.
Formato: Mapa
Idioma:Undetermined
Publicado: Buenos Aires : INTA, 1979.
Materias:
Etiquetas: Agregar Etiqueta
Sin Etiquetas, Sea el primero en etiquetar este registro!
LEADER 00898nem a22001695a 4500
001 EEA.libagro010174
005 20190510112808.0
008 141015s1979####ag########a#####1###und#d
082 0 4 |a 631.4782 
110 2 |a Instituto Nacional de Tecnología Agropecuaria (Argentina).  |b Centro de Investigación de Recursos Naturales. 
245 1 0 |a Carta de suelos de la República Argentina  |h [material cartográfico] :  |b hoja 3363-10, Bell Ville /  |c Instituto Nacional de Tecnología Agropecuaria, [Secretaría de Estado de Agricultura y Ganadería de Córdoba]. 
255 |a Escala 1:50.000 
260 |a Buenos Aires :  |b INTA,  |c 1979. 
300 |a 111 p. :  |b il. ;  |c 28 cm. +  |e 4 fotocartas pleg. en sobre. 
505 0 |a Hoja 3363-10-1 Alto Alegre -- Hoja 3363-10-2 Chilibroste -- Hoja 3363-10-3 Morrison -- Hoja 3363-10-4 Bell Ville. 
651 7 |a Argentina 
859 |a AR-BbBCA  |b BIB. AGRONOMIA  |h 631.4782  |i A691 3363-10  |p 1988/1112